000 00717nam a2200229Ia 4500
005 20241129110107.0
008 241129s9999||||xx |||||||||||||| ||und||
020 _a978-1-032-24417-4
037 _aTB
040 _aARTS
_beng
_cARTS
041 _aeng
_2eng
084 _aV2.N47 R3
_qARTS
100 _aRoy Anjali Gera Ed.; Bhatia Nandi Ed.
_9727193
245 0 _aRegional perspectives on India's partition: Shifting the vantage points
_cRoy Anjali Gera Ed.; Bhatia Nandi Ed.
260 _aUK
_bRoutledge
_c2023
300 _axv,238p.
365 _aUKP
_b34.99
490 _aRoutledge series on South Asian culture
650 _aHistory-India
942 _cTB
_hV2.N47 R3
999 _c1227276
_d1227276